000 004340000a22001810004500
003 MACL
005 20151004145005.0
008 151004b xxu||||| |||| 00| 0 eng d
040 _aMACL
_cMACL
041 _aEnglish
082 _a910/GUP
100 _aGupta, Krishna Murti
_913675
245 _aHimalaya Man & Nature
260 _bLancer books
_c1990
_aNew Delhi
350 _a200
650 _aTravel
_913676
942 _cBK
_k910
_2ddc
999 _c4468
_d4468